Central Library and Information Centre
Sibsagar Girls' College, Sivasagar : Assam

ANALYTICAL GEOMETRY OF TWO AND THREE DIMENSON (Record no. 3012)

MARC details
000 -LEADER
fixed length control field 00398cam a2200169ua 4500
008 - FIXED-LENGTH DATA ELEMENTS--GENERAL INFORMATION
fixed length control field 140828n1986 II |||gr||||Z||||||eng
040 ## - CATALOGING SOURCE
Original cataloging agency MAIN
041 ## - LANGUAGE CODE
-- English
082 ## - DEWEY DECIMAL CLASSIFICATION NUMBER
Classification number 516 DAS
100 ## - MAIN ENTRY--PERSONAL NAME
Personal name DAS, B.
245 ## - TITLE STATEMENT
Title ANALYTICAL GEOMETRY OF TWO AND THREE DIMENSON
260 ## - PUBLICATION, DISTRIBUTION, ETC.
Place of publication, distribution, etc. NEW DELHI
Name of publisher, distributor, etc. ORIENT PAPERBACK
Date of publication, distribution, etc. 1986
300 ## - PHYSICAL DESCRIPTION
Extent 214:
Dimensions 20CM.
942 ## - ADDED ENTRY ELEMENTS (KOHA)
Koha item type Books
653 ## - INDEX TERM--UNCONTROLLED
Uncontrolled term Geometry
Holdings
Withdrawn status Lost status Damaged status Not for loan Collection code Home library Current library Shelving location Date acquired Total Checkouts Full call number Barcode Date last seen Date last checked out Copy number Price effective from Koha item type Public note
        TBMAT Central Library and Information Centre Sibsagar Girls College Central Library and Information Centre Sibsagar Girls College MATHEMATICS BOOK RACK 07.03.1985 1 516 DAS 11274 19.10.2023 05.10.2023 1 27.02.2020 Books V


Sibsagar Girl's College © 2020. All rights reserved.
Powered by Koha.
Maintained by Abhijit Borpuzari.